| 000 | 00480nam a22001217a 4500 | ||
|---|---|---|---|
| 008 | 230718b |||||||| |||| 00| 0 eng d | ||
| 040 |
_aNational Science Library _cNational Science Library |
||
| 245 |
_aResearch for industry 1963 _c/ A report on work done by industrial research associations in the government scheme Department of scientific and Industrial Research |
||
| 260 |
_aLondon: _bHer Majesty's Office, _c1964 |
||
| 300 | _av, 53p. | ||
| 650 | _aReport | ||
| 942 |
_2udc _cREP |
||
| 999 |
_c53070 _d53070 |
||